000 00684nam a2200253Ia 4500
003 OSt
005 20221005032016.0
006 a|||||r|||| 00| 0
007 ta
008 221004b |||||||| |||| 00| 0 tam d
020 _c3.50
024 _a63781
037 _cTextual
040 _aCRL
_cCRL
_btam
041 _2tam
_atam
082 _aO31,3M83,3, K5;1
100 _aVenkataram M.V Au.
_9584668
245 0 _aViyasar Padaitha Penmanikal
260 _aChennai
_bThamizhpputhakalayam India
_c1966
300 _a192p.
_ccm.
650 _aTAMIL LITERATURE
942 _hO31,3M83,3, K5;1
_cTEXL
_2cc
999 _c938922
_d938922